| 000 | 00666nac a22002171u 4500 | ||
|---|---|---|---|
| 020 | _a0471449024 (pbk.) | ||
| 082 |
_a512.5 _bA6347 |
||
| 090 |
_c1333 _d1333 |
||
| 100 | _aAnton, Howard. | ||
| 245 |
_aElementary linear algebra : _bapplications version / _cHoward A. Anton and Chris Rorres. |
||
| 250 | _a9th ed. | ||
| 260 |
_aNew York : _bWiley,2005 _c2005. |
||
| 300 |
_axv, 832 p. ; _c24 cm. |
||
| 500 | _aPrevious ed.: 2000. | ||
| 650 | _aAlgebras, Linear. | ||
| 700 | _aRorres, Chris. | ||
| 942 |
_cBB _k512.5A6347 _hRDA-MOD |
||
| 999 |
_c1333 _d1333 |
||
| 336 |
_2rdacontent _atext _btxt |
||
| 337 |
_aunmediated _2rdamedia _bn |
||
| 338 |
_avolume _bnc _2rdacarrier |
||